Deutsche Bundesländer - Blindes tippen - Statistiken

Allgemein
  • Dieses Quiz wurde 180 mal gespielt
  • Das Durchschnittsergebnis liegt bei 15 aus 16
Antwortstatistiken
Hint Bundesland % Korrekt
path50 Bayern
97%
path56 Sachsen
97%
path52 Berlin
96%
path30 Nordrhein-Westfalen
96%
path54 Sachsen-Anhalt
96%
path36 Bremen
95%
path42 Hamburg
95%
path48 Saarland
95%
path34 Hessen
94%
path60 Mecklenburg-Vorpommern
94%
path32 Baden-Württemberg
93%
path46 Rheinland-Pfalz
93%
path44 Schleswig-Holstein
93%
path58 Brandenburg
92%
path38 Niedersachsen
92%
path40 Thüringen
91%
Keine übereinstimmenden Quizze gefunden
Verteilung der Resultate
Anzahl Personen mit jedem Resultat
Perzentil nach korrekt beantworteten Fragen
Ihre Resultats-Entwicklung
Sie haben dieses Quiz noch nicht gespielt